Economics (Record no. 1178)

MARC details
000 -LEADER
fixed length control field 02653nam a22001817a 4500
020 ## - INTERNATIONAL STANDARD BOOK NUMBER
ISBN 0073222974
022 ## - INTERNATIONAL STANDARD SERIAL NUMBER
ISSN 9780073222974
050 ## - CALL NUMBER
Classification number HB171.5
Item number .C788
100 ## - AUTHOR
Personal name David C. Colander.
245 ## - TITLE
Title Economics
Statement of responsibility, etc David C. Colander.
250 ## - EDITION
Edition statement 6th
260 ## - PUBLICATION INFORMATION
Place of publication Boston :
Name of publisher McGraw-Hill/Irwin,
Year of publication ©2006
300 ## - DESCRIPTION
Number of Pages 1 volume (various pagings) : xxxvi, 837p
Other physical details illustrations (chiefly color), color map ;
Dimensions 27 cm
500 ## - NOTES
General note includes index.
505 ## - FORMATTED CONTENTS NOTE
Table of Content I: Introduction: Thinking Like An Economist Chapter 1: Economics and Economic Reasoning Chapter 2: Trade, Trade-off's and Government Policy Chapter 3: The Evolving U.S. Economy in Perspective Chapter 4: Supply and Demand Chapter 5: Using Supply and Demand II: Microeconomics I: Microeconomics: The Basics Chapter 6: Describing Supply and Demand: Elasticities Chapter 7: Taxation and Government Intervention II: Foundations of Supply and Demand Chapter 8: The Logic of Individual Choice: The Foundation of Supply and Demand Chapter 9: Production and Cost Analysis I Chapter 10: Production and Cost Analysis II III: Market Structure and Policy Chapter 11: Perfect Competition Chapter 12: Monopoly Chapter 13: Monopolistic Competition, Oligopoly, and Strategic Pricing Chapter 14: Real-World Competition and Technology Chapter 15: Antitrust Policy and Regulation IV: Factor Markets Chapter 16: Work and the Labor Market Chapter 17: Who Gets What? The Distribution of Income V: Applying Economic Reasoning to Policy Chapter 18: Government Policy and Market Failures Chapter 19: Politics and Economics: The Case of Agriculture Markets Chapter 20: Microeconomic Policy, Economic Reasoning, and Beyond Chapter 21: International Trade Policy, Comparative Advantage, and Outsourcing III: Macroeconomics I: Macroeconomic Problems Chapter 22: Economic Growth, Business Cycles, Unemployment, and Inflation Chapter 23: National Income Accounting II: The Macroeconomic Framework Chapter 24: Growth, Productivity, and the Wealth of Nations Chapter 25: Aggregate Demand, Aggregate Supply, and Modern Macroeconomics Chapter 26: The Multiplier Model III: Money, Inflation, and Monetary Policy Chapter 27: Money, Banking, and the Financial Sector Chapter 28: Monetary Policy and the Debate about Macro Policy Chapter 29: Inflation and Its Relationship to Unemployment and Growth IV: Macro Policy in Perspective Chapter 30: Aggregate Demand Policy in Perspective Chapter 31: Politics, Deficits,and Debt Chapter 32: Macro Policies in Developing Countries V: International Policy Issues Chapter 33: International Financial Policy Chapter 34: Macro Policy in a Global Setting
650 ## - SUBJECTS
Topical Term economics
942 ## - ADDED ENTRY ELEMENTS (KOHA)
Koha item type Books
Holdings
Withdrawn status Lost status Home library Current library Shelving location Date acquired Full call number Accession Number Copy number Koha item type
    Methodist University Library Main Methodist University Library Main General Stacks   HB171.5 .C788 22075 1 Books
Copyright © 2026  MUG Library